| 000 | 00478nam a22001817a 4500 | ||
|---|---|---|---|
| 999 |
_c2960 _d2960 |
||
| 003 | URS | ||
| 005 | 20220114142331.0 | ||
| 008 | 200217s1994 |||| |||| 00| 0 eng d | ||
| 020 | _a0385311044 | ||
| 040 |
_cURS _beng _drda |
||
| 050 | 1 | 4 |
_aPS 3566 _b.D2756 1994 |
| 100 | 1 | _aPlain,Belva | |
| 245 | 1 | 0 |
_aDaybreak: a novel _cBelva Plain |
| 260 |
_aNew York: _bDela Corte Press; _c[1994] |
||
| 300 |
_a360 pages _c25 cm |
||
| 650 | _aCysticfibrosis-patients-fiction | ||
| 942 |
_2lcc _cFR |
||